| 000 | 01935cam a22004814i 4500 | ||
|---|---|---|---|
| 003 | PE-LiUPU | ||
| 005 | 20250731173347.0 | ||
| 008 | 150706s r 000 0 d | ||
| 020 | _a9789004115453 | ||
| 035 | _a(Sirsi) i9789004115453 | ||
| 040 |
_aPE-LiUPU _bspa _cPE-LiUPU _erda |
||
| 049 | _aPRUA | ||
| 082 | 0 | 4 |
_a296.1 _bD _221 |
| 245 | 0 | 4 |
_aThe Dead sea scrolls study edition / _ceditado por Florentino García Martínez y Eibert J. C. Tigchelaar. |
| 264 | 1 |
_aLeiden : Boston : _bBrill ; Grand Rapids, Mich. : Eerdmans, _c2000. |
|
| 300 |
_a627 páginas ; _c24 centímetros |
||
| 336 |
_atext _2rdacontent |
||
| 337 |
_aunmediated _2rdamedia |
||
| 338 |
_avolume _2rdacarrier |
||
| 500 | _a"Este libro ofrece una transcripción fresca y una traducción al Inglés de todos los textos bíblicos encontrados en Qumrán, ordenados por número de serie de la Cueva del 1 al 11" . | ||
| 505 | 0 | _aForeword -- Preface to the paperback Edition -- Abbreviations -- Key to Symbols -- Text and Translation 1Q1-4Q273. | |
| 526 | _aSEG42 | ||
| 526 | _aSEG41 | ||
| 526 | _aSEG40 | ||
| 526 | _aSEG39 | ||
| 526 | _aP94 | ||
| 526 | _aP87 | ||
| 526 | _aP86 | ||
| 526 | _aP85 | ||
| 526 | _aP77 | ||
| 526 | _aP76 | ||
| 526 | _aP35 | ||
| 541 | _g800-253-7521; | ||
| 650 | 0 | 4 |
_aRollos del Mar Muerto. _94334 |
| 700 | 1 |
_aGarcía Martínez, Florentino, _eed. |
|
| 700 | 1 |
_aTigchelaar, Eibert J. C., _eed. |
|
| 910 |
_agl _bjv _clch _d20100107 |
||
| 942 |
_2ddc _cBOOK |
||
| 949 |
_a296.1 D 1 _wDEWEY _c1 _i60880 _lCCODEBUL1 _mBUL _p100.00 _r0 _sY _tBOOK _u2015-7-6 _xTEOLOGIA _zUNKNOWN _0COMPRA _o.STAFF. Colección General |
||
| 994 |
_aC0 _bPEPRU |
||
| 596 | _a1 | ||
| 999 |
_a296.1 D 1 _wDEWEY _c50240 _i60880 _f2021-11-11 _g5 _lCCODEBUL1 _mBUL _p100.00 _r0 _sY _tBOOK _u2015-7-6 _xTEOLOGIA _zUNKNOWN _0COMPRA _o.STAFF. Colección General _d50240 |
||
| 980 |
_81 _gALBERTO SANCHEZ Responsable de Automatización |
||